[Event "Lvov Zheliandinov Memorial"]
[Site "Lvov"]
[Date "2022.08.12"]
[Round "10"]
[White "Moliboga, Vladimir"]
[Black "Polishchuk, Oleg"]
[Result "1-0"]
[WhiteElo "2287"]
[BlackElo "2128"]
[PlyCount "69"]
[EventDate "2022.08.06"]
[EventType "tourn"]
[EventRounds "11"]
[EventCountry "UKR"]
[SourceTitle "CBM 209 Extra"]
[Source "ChessBase"]
[SourceDate "2022.09.30"]
[SourceVersion "1"]
[SourceVersionDate "2022.09.30"]
[SourceQuality "1"]

1. d4 d5 2. Nc3 f5 3. Bf4 Nf6 4. e3 e6 5. a3 a6 6. h3 c5 7. Nf3 Nc6 8. Ne5 Bd7 9. g4 cxd4 10. exd4 Qb6 11. Nxd7 Kxd7 12. Na4 Qa5+ 13. c3 b5 14. Nc5+ Bxc5 15. dxc5 g6 16. Bd3 h5 17. gxf5 gxf5 18. b4 Qd8 19. f3 h4 20. a4 Nh5 21. Bd6 Qg5 22. Qd2 f4 23. Kd1 Ne5 24. axb5 Ng3 25. Bxe5 Qxe5 26. Re1 Qf6 27. bxa6 Rhb8 28. Kc2 Kc6 29. a7 Rb7 30. Ra6+ Kc7 31. Rexe6 Qg5 32. Rac6+ Kd7 33. Qe1 Nf5 34. Bxf5 Qxf5+ 35. Kb2 1-0

[Event "Lvov Zheliandinov Memorial"]
[Site "Lvov"]
[Date "2022.08.10"]
[Round "6"]
[White "Moliboga, Vladimir"]
[Black "Baziuk, Vladyslav"]
[Result "1-0"]
[WhiteElo "2287"]
[BlackElo "2078"]
[PlyCount "59"]
[EventDate "2022.08.06"]
[EventType "tourn"]
[EventRounds "11"]
[EventCountry "UKR"]
[SourceTitle "CBM 209 Extra"]
[Source "ChessBase"]
[SourceDate "2022.09.30"]
[SourceVersion "1"]
[SourceVersionDate "2022.09.30"]
[SourceQuality "1"]

1. d4 Nf6 2. Nc3 d5 3. Bf4 c5 4. e3 cxd4 5. exd4 a6 6. Nf3 Bg4 7. h3 Bxf3 8. Qxf3 Nc6 9. 0-0-0 e6 10. Kb1 Bd6 11. g4 Qc7 12. Bxd6 Qxd6 13. g5 Nd7 14. h4 h5 15. Ne2 Ne7 16. Nf4 g6 17. Bh3 0-0-0 18. Rhe1 Rhf8 19. Qg3 Qc7 20. c4 Kb8 21. cxd5 Nxd5 22. Nxd5 Qxg3 23. fxg3 exd5 24. Re7 f5 25. Rde1 Kc7 26. R1e6 f4 27. gxf4 Rxf4 28. Rxg6 Rxh4 29. Bf5 Rf4 30. Rf6 1-0

[Event "Kiev Independence Cup IM"]
[Site "Kiev"]
[Date "2021.09.10"]
[Round "8"]
[White "Moliboga, Vladimir"]
[Black "Roshka, Yevgeniy"]
[Result "1/2-1/2"]
[WhiteElo "2314"]
[BlackElo "2476"]
[PlyCount "83"]
[EventDate "2021.09.03"]
[EventType "tourn"]
[EventRounds "9"]
[EventCountry "UKR"]
[EventCategory "1"]
[SourceTitle "CBM 204 Extra"]
[Source "ChessBase"]
[SourceDate "2021.11.30"]
[SourceVersion "1"]
[SourceVersionDate "2021.11.30"]
[SourceQuality "1"]

1. d4 Nf6 2. Nc3 d5 3. Bf4 c5 4. e3 cxd4 5. exd4 Bf5 6. Nb5 Na6 7. c3 e6 8. Nf3 Be7 9. Ne5 h6 10. g4 Bh7 11. Bd3 Bxd3 12. Qxd3 Ne4 13. 0-0 Qb6 14. Rfe1 Rd8 15. a4 Ra8 16. f3 Nf6 17. h4 Qd8 18. h5 0-0 19. Re2 Ne8 20. Rg2 Nb8 21. Be3 Nc6 22. f4 a6 23. Na3 Nxe5 24. dxe5 f5 25. Nc2 Nc7 26. Bb6 Qd7 27. Nd4 Rac8 28. Bxc7 Rxc7 29. gxf5 exf5 30. b4 Qc8 31. Qg3 Bd8 32. Qg6 Re7 33. Rg3 Kh8 34. Rd1 Bc7 35. Nf3 Qd7 36. Nd4 Qxa4 37. Rdd3 Qd7 38. Rg2 Bb8 39. Qb6 Bc7 40. Qg6 Bb8 41. Qb6 Bc7 42. Qg6 1/2-1/2

[Event "Kiev Independence Cup IM"]
[Site "Kiev"]
[Date "2021.09.08"]
[Round "6"]
[White "Moliboga, Vladimir"]
[Black "Andreev, Eduard"]
[Result "1/2-1/2"]
[WhiteElo "2314"]
[BlackElo "2415"]
[PlyCount "49"]
[EventDate "2021.09.03"]
[EventType "tourn"]
[EventRounds "9"]
[EventCountry "UKR"]
[EventCategory "1"]
[SourceTitle "CBM 204 Extra"]
[Source "ChessBase"]
[SourceDate "2021.11.30"]
[SourceVersion "1"]
[SourceVersionDate "2021.11.30"]
[SourceQuality "1"]

1. e4 c5 2. Nf3 Nc6 3. d4 cxd4 4. Nxd4 Nf6 5. Nc3 e5 6. Ndb5 d6 7. Bg5 a6 8. Na3 b5 9. Nd5 Qa5+ 10. Bd2 Qd8 11. Bg5 Qa5+ 12. Bd2 Qd8 13. Bg5 Be7 14. Bxf6 Bxf6 15. c3 Bg5 16. Nc2 Ne7 17. Ncb4 0-0 18. g3 Be6 19. h4 Bh6 20. Bg2 a5 21. Nxe7+ Qxe7 22. Nd5 Qb7 23. g4 Bxd5 24. Qxd5 Qxd5 25. exd5 1/2-1/2

[Event "Kiev Independence Cup IM"]
[Site "Kiev"]
[Date "2021.09.06"]
[Round "4"]
[White "Anwesh, Upadhyaya"]
[Black "Moliboga, Vladimir"]
[Result "1/2-1/2"]
[WhiteElo "2366"]
[BlackElo "2314"]
[PlyCount "170"]
[EventDate "2021.09.03"]
[EventType "tourn"]
[EventRounds "9"]
[EventCountry "UKR"]
[EventCategory "1"]
[SourceTitle "CBM 204 Extra"]
[Source "ChessBase"]
[SourceDate "2021.11.30"]
[SourceVersion "1"]
[SourceVersionDate "2021.11.30"]
[SourceQuality "1"]

1. e4 g6 2. d4 Bg7 3. Nf3 d6 4. h3 Nf6 5. Nc3 0-0 6. Bg5 c6 7. Bd3 Qc7 8. 0-0 Nbd7 9. a4 e5 10. Re1 Re8 11. dxe5 dxe5 12. Be3 Nf8 13. a5 Ne6 14. Qb1 Nh5 15. Bc4 h6 16. Ne2 Nhf4 17. c3 Qe7 18. Kh2 Qf6 19. Neg1 g5 20. g3 Ng6 21. Qc2 Bf8 22. Rad1 Nc5 23. Nd2 h5 24. b4 Ne6 25. Bf1 g4 26. Nc4 h4 27. Nd6 Bxd6 28. Rxd6 Kg7 29. Qd1 Qe7 30. Qd2 Rh8 31. Rd1 Rh5 32. Qe2 Ng5 33. Bc5 Be6 34. Rd8 Qxd8 35. Rxd8 Rxd8 36. Bxa7 Rdh8 37. c4 hxg3+ 38. fxg3 Nf3+ 39. Kh1 Nxg1 40. Kxg1 gxh3 41. Kh2 R5h7 42. Bb6 Rc8 43. Qd2 Rhh8 44. Qd6 Bg4 45. Qd3 Rhe8 46. Be2 Be6 47. Qd6 Re7 48. Qd3 Rd7 49. Qe3 Rh8 50. Qc3 Rc8 51. Be3 f6 52. Bb6 Nf8 53. Bf1 Nh7 54. Bxh3 Bxh3 55. Kxh3 Ng5+ 56. Kg4 Nxe4 57. Qc2 Ng5 58. Be3 Nf7 59. Kf5 Rcd8 60. Qe2 Rd4 61. Bxd4 exd4 62. b5 cxb5 63. cxb5 Rd5+ 64. Kf4 d3 65. Qg4+ Ng5 66. Qc8 Nf7 67. Qxb7 Rd4+ 68. Ke3 d2 69. Kxd4 d1Q+ 70. Kc5 Qd6+ 71. Kc4 Kg6 72. Qe4+ f5 73. Qe8 Kf6 74. a6 Ne5+ 75. Kb3 Qd3+ 76. Kb4 Qd4+ 77. Kb3 Qc4+ 78. Ka3 Qc3+ 79. Ka4 Qa1+ 80. Kb3 Qb1+ 81. Kc3 Qc1+ 82. Kb3 Qc4+ 83. Ka3 Qc3+ 84. Ka4 Qd4+ 85. Kb3 Qc4+ 1/2-1/2

[Event "EU-ch Online 2300+ Final"]
[Site "Chess.com INT"]
[Date "2020.05.30"]
[Round "6"]
[White "Moliboga, Vladimir"]
[Black "Elissalt Cardenas, Hector"]
[Result "1-0"]
[WhiteElo "2283"]
[BlackElo "2279"]
[PlyCount "109"]
[EventDate "2020.05.30"]
[EventType "swiss"]
[EventRounds "8"]
[EventCountry "NET"]
[SourceTitle "CBM 196 Extra"]
[Source "ChessBase"]
[SourceDate "2020.07.31"]
[SourceVersion "1"]
[SourceVersionDate "2020.07.31"]
[SourceQuality "1"]

1. e4 c5 2. Nf3 Nc6 3. Bb5 g6 4. 0-0 Bg7 5. c3 Nf6 6. Re1 0-0 7. d4 cxd4 8. cxd4 d5 9. e5 Ne4 10. Be3 Qb6 11. Bxc6 bxc6 12. Qc1 Rb8 13. b3 f6 14. Nc3 Nxc3 15. Qxc3 Bg4 16. exf6 exf6 17. Bf4 Rbc8 18. Bd6 Rfe8 19. Bc5 Qc7 20. Nd2 Bh6 21. Nf1 Kf7 22. h3 Bd7 23. Rxe8 Rxe8 24. Re1 Rxe1 25. Qxe1 Be6 26. Ne3 Bf4 27. a4 h5 28. Qe2 Qb7 29. b4 Bb8 30. Nf1 Bc7 31. Qe3 g5 32. Qd3 Kg7 33. Qe2 Bf7 34. Qe7 Qb8 35. Ne3 a5 36. g4 hxg4 37. hxg4 Qd8 38. Nf5+ Kg6 39. Qxd8 Bxd8 40. bxa5 Bxa5 41. Ne7+ Kg7 42. Nxc6 Bc3 43. a5 Be8 44. Ne7 Bb5 45. Bb6 Bc4 46. Nc6 Kf7 47. Nb8 f5 48. gxf5 Kf6 49. a6 Bxa6 50. Nxa6 Kxf5 51. Nc7 Ke4 52. Nb5 Bb2 53. Kg2 g4 54. Kg3 Kf5 55. Nc7 1-0

[Event "EU-ch Online 2300+ Final"]
[Site "Chess.com INT"]
[Date "2020.05.30"]
[Round "3"]
[White "Moliboga, Vladimir"]
[Black "Golubev, Mikhail"]
[Result "0-1"]
[WhiteElo "2283"]
[BlackElo "2461"]
[PlyCount "66"]
[EventDate "2020.05.30"]
[EventType "swiss"]
[EventRounds "8"]
[EventCountry "NET"]
[SourceTitle "CBM 196 Extra"]
[Source "ChessBase"]
[SourceDate "2020.07.31"]
[SourceVersion "1"]
[SourceVersionDate "2020.07.31"]
[SourceQuality "1"]

1. e4 c5 2. Nf3 d6 3. Bb5+ Bd7 4. Bxd7+ Qxd7 5. 0-0 Nf6 6. Re1 Nc6 7. c4 g6 8. Nc3 Bg7 9. d3 0-0 10. h3 a6 11. Be3 Rab8 12. Rc1 b5 13. b3 Qd8 14. Qd2 Re8 15. Bh6 Bh8 16. Bg5 Qa5 17. Re2 Nd7 18. Be3 Bg7 19. Qe1 Nd4 20. Bxd4 cxd4 21. Nd1 Qa3 22. Qd2 Nc5 23. Rc2 a5 24. Ne1 a4 25. b4 Na6 26. cxb5 Rxb5 27. Nb2 Qxb4 28. Nf3 Qxd2 29. Rcxd2 Nc5 30. Nc4 Rb1+ 31. Kh2 Rc1 32. Na3 Bh6 33. Rc2 Nxd3 0-1

[Event "EU-ch Online 2300+ Final"]
[Site "Chess.com INT"]
[Date "2020.05.30"]
[Round "2"]
[White "Moliboga, Vladimir"]
[Black "Vashchilov, Sergey"]
[Result "1-0"]
[WhiteElo "2283"]
[BlackElo "2176"]
[PlyCount "61"]
[EventDate "2020.05.30"]
[EventType "swiss"]
[EventRounds "8"]
[EventCountry "NET"]
[SourceTitle "CBM 196 Extra"]
[Source "ChessBase"]
[SourceDate "2020.07.31"]
[SourceVersion "1"]
[SourceVersionDate "2020.07.31"]
[SourceQuality "1"]

1. e4 e6 2. d4 d5 3. e5 c5 4. Qg4 Nc6 5. Nf3 Nge7 6. Bd3 Nb4 7. dxc5 Qa5 8. 0-0 Nxd3 9. cxd3 Qxc5 10. Nc3 Nf5 11. a3 Bd7 12. Qf4 h6 13. Be3 Nxe3 14. fxe3 Be7 15. d4 Qb6 16. Rf2 0-0 17. Qg4 Rac8 18. Nxd5 Qd8 19. Nf4 Kh7 20. Nh5 g6 21. Ng3 Rc4 22. Raf1 Be8 23. h4 Rg8 24. Ne4 Rg7 25. Qf4 Bc6 26. Nf6+ Bxf6 27. exf6 Rg8 28. Ne5 Bb5 29. Nxf7 Qf8 30. Nd6 g5 31. Qe4+ 1-0

[Event "EU-ch Online 2300+ Qual"]
[Site "Chess.com INT"]
[Date "2020.05.29"]
[Round "7"]
[White "Eren, Ataberk"]
[Black "Moliboga, Vladimir"]
[Result "0-1"]
[WhiteElo "2321"]
[BlackElo "2283"]
[PlyCount "132"]
[EventDate "2020.05.29"]
[EventType "swiss"]
[EventRounds "8"]
[EventCountry "NET"]
[SourceTitle "CBM 196 Extra"]
[Source "ChessBase"]
[SourceDate "2020.07.31"]
[SourceVersion "1"]
[SourceVersionDate "2020.07.31"]
[SourceQuality "1"]

1. d4 g6 2. e4 Bg7 3. Nc3 d6 4. f4 c6 5. Nf3 Bg4 6. Be3 d5 7. exd5 cxd5 8. Bb5+ Nc6 9. h3 Bxf3 10. Qxf3 e6 11. 0-0 Nge7 12. Ne2 0-0 13. c3 Nf5 14. Bf2 Nd6 15. Bd3 f5 16. Rfe1 Ne4 17. Be3 Nf6 18. g4 Rc8 19. g5 Ne4 20. h4 Na5 21. h5 Rf7 22. Kg2 Nc4 23. Bc1 Kf8 24. Rh1 Ke7 25. hxg6 hxg6 26. Rh7 Qg8 27. Rh3 Kd7 28. b3 Ncd6 29. c4 Qd8 30. c5 Ne8 31. Rh7 Kc7 32. b4 Kb8 33. Be3 Qd7 34. a4 Nc7 35. Ra3 Rh8 36. Rxh8+ Bxh8 37. b5 Rh7 38. Rb3 Qd8 39. a5 Ne8 40. b6 a6 41. c6 N8d6 42. c7+ Rxc7 43. bxc7+ Qxc7 44. Qh3 Bg7 45. Qh7 Qf7 46. Bxa6 Ka7 47. Bd3 Nc4 48. Bg1 Ned6 49. Nc3 Nd2 50. Nb5+ Nxb5 51. Rxb5 Ne4 52. Be3 Nc3 53. Rb3 Ne4 54. Qh1 Nd6 55. Qb1 Qc7 56. Qc1 Nc4 57. Rc3 Nxe3+ 58. Kf3 Nc4 59. Bxc4 dxc4 60. Rxc4 Qd6 61. Kg3 Bxd4 62. Qd2 e5 63. Qb4 Qd5 64. Rc7 exf4+ 65. Kh2 f3 66. Qc4 Qe4 0-1

[Event "Titled Tuesday intern op 28th Apr"]
[Site "Chess.com INT"]
[Date "2020.04.28"]
[Round "9"]
[White "Das, Sayantan"]
[Black "Moliboga, Vladimir"]
[Result "1-0"]
[WhiteElo "2431"]
[BlackElo "2283"]
[PlyCount "49"]
[EventDate "2020.04.28"]
[EventType "swiss (blitz)"]
[EventRounds "10"]
[EventCountry "USA"]
[SourceTitle "EXT 2021"]
[Source "ChessBase"]
[SourceDate "2020.10.23"]
[SourceVersion "1"]
[SourceVersionDate "2020.10.23"]
[SourceQuality "1"]

1. e4 g6 2. d4 Bg7 3. Nc3 d6 4. Nf3 Nf6 5. Bc4 0-0 6. Qe2 c6 7. e5 dxe5 8. dxe5 Nd5 9. Bd2 Bg4 10. 0-0-0 Nxc3 11. Bxc3 Qc7 12. h3 Bxf3 13. gxf3 e6 14. h4 Nd7 15. f4 a5 16. h5 b5 17. Bd3 Nc5 18. Qg4 Nxd3+ 19. Rxd3 Rad8 20. hxg6 hxg6 21. Rdh3 b4 22. Qh4 Rfe8 23. Qh8+ Bxh8 24. Rxh8+ Kg7 25. R1h7# 1-0

[Event "Titled Tuesday intern op 28th Apr"]
[Site "Chess.com INT"]
[Date "2020.04.28"]
[Round "3"]
[White "Klekowski, Maciej"]
[Black "Moliboga, Vladimir"]
[Result "1-0"]
[WhiteElo "2506"]
[BlackElo "2283"]
[PlyCount "77"]
[EventDate "2020.04.28"]
[EventType "swiss (blitz)"]
[EventRounds "10"]
[EventCountry "USA"]
[SourceTitle "EXT 2021"]
[Source "ChessBase"]
[SourceDate "2020.10.23"]
[SourceVersion "1"]
[SourceVersionDate "2020.10.23"]
[SourceQuality "1"]

1. e4 g6 2. d4 Bg7 3. Nc3 d6 4. Bg5 c6 5. Qd2 b5 6. a4 b4 7. Nce2 a5 8. Nf3 h6 9. Bf4 Ba6 10. 0-0-0 Nf6 11. Ng3 d5 12. Bxa6 Nxa6 13. Rhe1 c5 14. e5 Ne4 15. Nxe4 dxe4 16. Rxe4 Qd5 17. Qe2 c4 18. e6 f5 19. Re3 0-0 20. Be5 Qc6 21. Bxg7 Kxg7 22. Ne5 Qxa4 23. Nxc4 Rac8 24. b3 Qa2 25. Kd2 Nc7 26. Re5 a4 27. Ra5 Ra8 28. Qe5+ Kh7 29. Qxc7 Rxa5 30. Qxa5 axb3 31. Qxa2 bxa2 32. Ra1 Ra8 33. Kc1 Rc8 34. Nd2 Rc6 35. d5 Rc5 36. Rxa2 Rxd5 37. Ra7 Re5 38. Rxe7+ Kg8 39. Kd1 1-0

[Event "Titled Tuesday intern op 14th April"]
[Site "Chess.com INT"]
[Date "2020.04.14"]
[Round "6"]
[White "Moliboga, Vladimir"]
[Black "Cuevas, Alex"]
[Result "1-0"]
[WhiteElo "2283"]
[BlackElo "2260"]
[PlyCount "163"]
[EventDate "2020.04.14"]
[EventType "swiss (blitz)"]
[EventRounds "10"]
[EventCountry "USA"]
[SourceTitle "EXT 2021"]
[Source "ChessBase"]
[SourceDate "2020.10.23"]
[SourceVersion "1"]
[SourceVersionDate "2020.10.23"]
[SourceQuality "1"]

1. e4 c5 2. Nf3 e6 3. c3 d5 4. e5 d4 5. Bd3 Nc6 6. Be4 Bd7 7. d3 Nge7 8. Bf4 Ng6 9. Bg3 Be7 10. 0-0 0-0 11. c4 f5 12. exf6 Rxf6 13. Nbd2 Qb6 14. b3 Raf8 15. Re1 Bc8 16. Re2 Nf4 17. Bxf4 Rxf4 18. Qc2 Qc7 19. Rae1 Bd6 20. a3 a5 21. Nf1 g6 22. Qc1 Qg7 23. Ng3 Ne7 24. Nd2 h5 25. Bf3 b6 26. Nge4 Bc7 27. Ng5 e5 28. g3 R4f5 29. h4 Kh8 30. Bg2 Ng8 31. Nde4 Re8 32. Bh3 Nh6 33. Qd2 Ref8 34. Rf1 Bb7 35. Bg2 Bc8 36. Qe1 Ng4 37. Bh3 Nh6 38. Nd2 Rxg5 39. hxg5 Bxh3 40. gxh6 Qxh6 41. Ne4 g5 42. f3 Bxf1 43. Qxf1 g4 44. Rf2 Qe3 45. Kg2 gxf3+ 46. Rxf3 Rxf3 47. Qxf3 Qxf3+ 48. Kxf3 Kg7 49. g4 hxg4+ 50. Kxg4 Kg6 51. Nf2 Bd8 52. Kf3 Bg5 53. Ke4 Kf6 54. Ng4+ Ke6 55. Nxe5 Bc1 56. a4 Bg5 57. Nf3 Bf6 58. Nh2 Bg7 59. Ng4 Bh8 60. Nh6 Bg7 61. Nf5 Bh8 62. Kf4 Be5+ 63. Kg4 Bh8 64. Ng3 Be5 65. Ne4 Bg7 66. Kg5 Bh8 67. Kg6 Ke5 68. Kg5 Bg7 69. Nf2 Bf6+ 70. Kg4 Bg7 71. Nh3 Bh6 72. Ng1 Bd2 73. Nf3+ Kf6 74. Nxd2 Ke5 75. Nf3+ Kf6 76. Kf4 Ke6 77. Ke4 Kf6 78. Nxd4 cxd4 79. Kxd4 Ke6 80. Ke4 Kd6 81. d4 Kc6 82. Ke5 1-0

[Event "Titled Tuesday intern op 14th April"]
[Site "Chess.com INT"]
[Date "2020.04.14"]
[Round "4"]
[White "Moliboga, Vladimir"]
[Black "Hernandez, William"]
[Result "0-1"]
[WhiteElo "2283"]
[BlackElo "1543"]
[PlyCount "88"]
[EventDate "2020.04.14"]
[EventType "swiss (blitz)"]
[EventRounds "10"]
[EventCountry "USA"]
[SourceTitle "EXT 2021"]
[Source "ChessBase"]
[SourceDate "2020.10.23"]
[SourceVersion "1"]
[SourceVersionDate "2020.10.23"]
[SourceQuality "1"]

1. e4 c5 2. Nf3 d6 3. c3 Nf6 4. h3 g6 5. Bd3 Bg7 6. 0-0 0-0 7. Bc2 Nc6 8. d4 cxd4 9. cxd4 d5 10. e5 Ne4 11. Nbd2 Nxd2 12. Bxd2 Qb6 13. Bc3 Bd7 14. Qd2 Rac8 15. Rfe1 Rc7 16. Bb3 Be6 17. Ba4 Rfc8 18. Bxc6 Rxc6 19. Rec1 Qa6 20. Kh2 Bf5 21. Qf4 h6 22. Re1 e6 23. a3 g5 24. Qe3 Qb5 25. g4 Be4 26. Nd2 Bg6 27. f4 gxf4 28. Qxf4 Qd3 29. Rf1 Rxc3 30. bxc3 Rxc3 31. Rf3 Qe2+ 32. Rf2 Qd3 33. Rf3 Qc2 34. Raf1 Rxf3 35. Rxf3 Bf8 36. Kg3 Qc1 37. Qe3 Be7 38. Kg2 Bg5 39. Qe2 Bxd2 40. Rf2 Bg5 41. Kg3 Be4 42. h4 Qxa3+ 43. Kh2 Bxh4 44. Rxf7 Qg3# 0-1

[Event "Titled Tuesday intern op 14th April"]
[Site "Chess.com INT"]
[Date "2020.04.14"]
[Round "5"]
[White "Vallejo Diaz, Javier"]
[Black "Moliboga, Vladimir"]
[Result "1-0"]
[WhiteElo "2365"]
[BlackElo "2283"]
[PlyCount "105"]
[EventDate "2020.04.14"]
[EventType "swiss (blitz)"]
[EventRounds "10"]
[EventCountry "USA"]
[SourceTitle "EXT 2021"]
[Source "ChessBase"]
[SourceDate "2020.10.23"]
[SourceVersion "1"]
[SourceVersionDate "2020.10.23"]
[SourceQuality "1"]

1. e4 g6 2. Nc3 Bg7 3. f4 c6 4. Nf3 d5 5. e5 Bg4 6. h3 Bxf3 7. Qxf3 e6 8. d4 h5 9. Bd3 h4 10. Bd2 Ne7 11. Ne2 Qb6 12. 0-0-0 c5 13. dxc5 Qxc5 14. Be3 Qa5 15. Kb1 Nbc6 16. Nd4 Nxd4 17. Bxd4 Nc6 18. Bc3 Qb6 19. b3 Bf8 20. Qg4 0-0-0 21. Qf3 Be7 22. Rhe1 Kb8 23. Bb2 a6 24. c4 Bb4 25. Rf1 dxc4 26. Bxc4 Nd4 27. Bxd4 Rxd4 28. Rxd4 Qxd4 29. Rd1 Qc3 30. Qxc3 Bxc3 31. Rd7 Rf8 32. Kc2 Kc8 33. Rxf7 Rxf7 34. Bxe6+ Kc7 35. Bxf7 Be1 36. Kd3 Bg3 37. Ke4 g5 38. fxg5 Kd7 39. g6 Ke7 40. Bd5 Kf8 41. Bxb7 a5 42. Bd5 Kg7 43. Bf7 Be1 44. e6 Kf6 45. Kd5 Bb4 46. Kc6 Bc3 47. Kb5 Be1 48. a3 Bd2 49. b4 axb4 50. axb4 Bc3 51. Kc5 Be1 52. b5 Bc3 53. Kc6 1-0

[Event "Lvov Tradition IM 01"]
[Site "Lvov"]
[Date "2018.01.23"]
[Round "3"]
[White "Medvedyk, Volodymyr"]
[Black "Moliboga, Vladimir"]
[Result "1-0"]
[WhiteElo "2116"]
[BlackElo "2310"]
[PlyCount "53"]
[EventDate "2018.01.22"]
[EventType "tourn"]
[EventRounds "9"]
[EventCountry "UKR"]
[SourceTitle "CBM 182 Extra"]
[Source "ChessBase"]
[SourceDate "2018.02.23"]
[SourceVersion "1"]
[SourceVersionDate "2018.02.23"]
[SourceQuality "1"]

1. e4 d6 2. d4 Nf6 3. Nc3 g6 4. f4 Bg7 5. Nf3 0-0 6. Bd3 Nbd7 7. 0-0 e5 8. fxe5 dxe5 9. d5 Ne8 10. Be3 Nd6 11. Qd2 a6 12. a4 Qe7 13. Rae1 b6 14. g4 Nf6 15. h3 h5 16. gxh5 Nxh5 17. Qg2 Nf4 18. Bxf4 exf4 19. h4 Bh6 20. h5 g5 21. Nd4 Kh8 22. e5 Nc4 23. d6 cxd6 24. Bxc4 dxe5 25. Qxa8 Qc7 26. Qc6 Qe7 27. Qa8 1-0

[Event "Lvov rapid Cup"]
[Site "Lvov"]
[Date "2017.05.09"]
[Round "10"]
[White "Moliboga, Vladimir"]
[Black "Fedorov, Alexei"]
[Result "0-1"]
[WhiteElo "2310"]
[BlackElo "2598"]
[PlyCount "96"]
[EventDate "2017.05.08"]
[EventType "swiss (rapid)"]
[EventRounds "13"]
[EventCountry "UKR"]
[SourceTitle "CBM 178 Extra"]
[Source "ChessBase"]
[SourceDate "2017.06.22"]
[SourceVersion "1"]
[SourceVersionDate "2017.06.22"]
[SourceQuality "1"]

1. e4 c5 2. Nf3 Nc6 3. Bb5 e6 4. c3 a6 5. Ba4 b5 6. Bc2 Bb7 7. 0-0 Bd6 8. Re1 c4 9. d4 cxd3 10. Bxd3 Qc7 11. Nbd2 Nge7 12. a4 b4 13. Nc4 Bc5 14. e5 bxc3 15. bxc3 Nd5 16. Qc2 Na5 17. Nd6+ Bxd6 18. exd6 Qxd6 19. Ba3 Qc7 20. Nd4 g6 21. g3 Rc8 22. Rac1 Nc4 23. Bxc4 Qxc4 24. Qe4 f6 25. Qh4 Kf7 26. Qg4 h5 27. Qf3 Ba8 28. Qd1 h4 29. Qg4 Nb6 30. a5 Qd5 31. f3 Nc4 32. Bb4 hxg3 33. hxg3 Ne5 34. Qf4 Nd3 35. Qd2 Nxc1 36. Rxc1 e5 37. Nb3 Qxd2 38. Nxd2 Rh3 39. Kg2 Rch8 40. Kf2 Rh2+ 41. Ke3 d5 42. Nb3 R8h3 43. Rg1 f5 44. Nc5 Rxg3 45. Rxg3 f4+ 46. Kd3 fxg3 47. Nxa6 g2 48. Bc5 d4 0-1

[Event "Lvov rapid Cup"]
[Site "Lvov"]
[Date "2017.05.08"]
[Round "5"]
[White "Mamedov, Rauf"]
[Black "Moliboga, Vladimir"]
[Result "1/2-1/2"]
[WhiteElo "2689"]
[BlackElo "2310"]
[PlyCount "78"]
[EventDate "2017.05.08"]
[EventType "swiss (rapid)"]
[EventRounds "13"]
[EventCountry "UKR"]
[SourceTitle "CBM 178 Extra"]
[Source "ChessBase"]
[SourceDate "2017.06.22"]
[SourceVersion "1"]
[SourceVersionDate "2017.06.22"]
[SourceQuality "1"]

1. e4 g6 2. d4 Bg7 3. Nc3 d6 4. f4 c6 5. Nf3 d5 6. Be3 dxe4 7. Nxe4 Nf6 8. Nxf6+ Bxf6 9. Qd2 Bf5 10. 0-0-0 Na6 11. Ne5 Nc7 12. Kb1 a5 13. Rg1 Nd5 14. g4 Be4 15. Bd3 Bxd3 16. Qxd3 Qb6 17. Bd2 e6 18. Rge1 Bxe5 19. fxe5 0-0-0 20. a3 h5 21. Bg5 Rd7 22. gxh5 Rxh5 23. h4 Ne7 24. Re4 Nf5 25. Bf6 c5 26. c3 Qb3 27. Qc2 a4 28. Rd2 Qxc2+ 29. Kxc2 c4 30. Rg2 Kc7 31. Kd2 Kc6 32. Ke2 Kd5 33. Rf4 Rc7 34. Kf3 Rc6 35. Bd8 Rh8 36. Bf6 Rh5 37. Rh2 Rb6 38. Rd2 Rb5 39. Bg5 Rb3 1/2-1/2

[Event "Nabokov Memorial-B 12th"]
[Site "Kiev"]
[Date "2015.04.21"]
[Round "1"]
[White "Gorbanovsky, Oleg"]
[Black "Moliboga, Vladimir"]
[Result "1/2-1/2"]
[WhiteElo "2311"]
[BlackElo "2264"]
[PlyCount "104"]
[EventDate "2015.04.21"]
[EventType "tourn"]
[EventRounds "9"]
[EventCountry "UKR"]
[EventCategory "3"]
[SourceTitle "CBM 166 Extra"]
[Source "ChessBase"]
[SourceDate "2015.06.18"]
[SourceVersion "1"]
[SourceVersionDate "2015.06.18"]
[SourceQuality "1"]

1. e4 e5 2. Nf3 Nc6 3. Bb5 a6 4. Ba4 Nf6 5. 0-0 Be7 6. Re1 b5 7. Bb3 0-0 8. d3 d6 9. a3 h6 10. h3 Bb7 11. Nc3 Na5 12. Ba2 c5 13. Bd2 Nc6 14. Nd5 Nd4 15. Nxe7+ Qxe7 16. Nxd4 cxd4 17. c3 dxc3 18. bxc3 Rfe8 19. a4 d5 20. exd5 Nxd5 21. Rb1 Qd7 22. Qg4 f5 23. Qg6 Kh8 24. axb5 axb5 25. Bxd5 Qxd5 26. c4 bxc4 27. Bxh6 Qxg2+ 28. Qxg2 Bxg2 29. Kxg2 gxh6 30. dxc4 Rac8 31. Rb5 Rxc4 32. Rbxe5 Rxe5 33. Rxe5 f4 34. Re7 Rc3 35. Re4 Kg7 36. Rxf4 Kg6 37. Rf3 Rc6 38. Kg3 Ra6 39. Rb3 Rc6 40. Rb8 Rc3+ 41. f3 Rc4 42. h4 Ra4 43. Rc8 Rb4 44. Ra8 Rc4 45. h5+ Kf6 46. Ra6+ Kg7 47. Ra5 Kf6 48. Kf2 Rc3 49. Rb5 Ra3 50. Kg3 Ra4 51. f4 Rc4 52. Rb6+ Kf5 1/2-1/2

[Event "Chervonograd 10th"]
[Site "Chervonograd"]
[Date "2014.12.01"]
[Round "8"]
[White "Moliboga, Vladimir"]
[Black "Kagramanianz, Vartan"]
[Result "1/2-1/2"]
[WhiteElo "2268"]
[BlackElo "2209"]
[PlyCount "26"]
[EventDate "2014.11.27"]
[EventType "tourn"]
[EventRounds "11"]
[EventCountry "UKR"]
[EventCategory "1"]
[SourceTitle "CBM 163 Extra"]
[Source "ChessBase"]
[SourceDate "2014.12.23"]
[SourceVersion "1"]
[SourceVersionDate "2014.12.23"]
[SourceQuality "1"]

1. e4 c5 2. Nf3 Nc6 3. d4 cxd4 4. Nxd4 Nf6 5. Nc3 e5 6. Ndb5 d6 7. Bg5 a6 8. Na3 b5 9. Nd5 Be7 10. Bxf6 Bxf6 11. c3 Bg5 12. Be2 0-0 13. Nc2 Be6 1/2-1/2

[Event "Chervonograd 10th"]
[Site "Chervonograd"]
[Date "2014.12.01"]
[Round "7"]
[White "Vasina, Olena"]
[Black "Moliboga, Vladimir"]
[Result "0-1"]
[WhiteElo "2040"]
[BlackElo "2268"]
[PlyCount "76"]
[EventDate "2014.11.27"]
[EventType "tourn"]
[EventRounds "11"]
[EventCountry "UKR"]
[EventCategory "1"]
[SourceTitle "CBM 163 Extra"]
[Source "ChessBase"]
[SourceDate "2014.12.23"]
[SourceVersion "1"]
[SourceVersionDate "2014.12.23"]
[SourceQuality "1"]

1. e4 c5 2. Nf3 Nc6 3. Bb5 Na5 4. 0-0 a6 5. Be2 d6 6. c3 Nf6 7. d3 g6 8. Bg5 Bg7 9. Qc1 0-0 10. Bh6 b6 11. Bxg7 Kxg7 12. h3 e5 13. Qe3 Nh5 14. d4 Qf6 15. dxe5 dxe5 16. b4 cxb4 17. cxb4 Nc6 18. Nc3 Nf4 19. Rfd1 Nxb4 20. Rab1 a5 21. a3 Nc2 22. Qxb6 Be6 23. Qb2 Rfc8 24. Rd2 Nd4 25. Nxd4 exd4 26. Nb5 Qg5 27. Qxd4+ Kg8 28. g3 Bxh3 29. Qe3 Nxe2+ 30. Rxe2 Qe5 31. a4 Bg4 32. Rd2 Rc4 33. Rd4 Rac8 34. Rd5 Qe6 35. Nd6 Rc3 36. Qd4 Rc1+ 37. Rxc1 Rxc1+ 38. Kh2 Bf3 0-1